000
00273nam a2200097Ia 4500
001
1228958
005
20250827093052.0
008
250824s9999 xx 000 0 und d
245
0
_a
ZAMANIN GÖLGESİ:ADEM İLE HAVVA
_c
MERT ÖZ
260
_b
DESTEK YAYINLARI
999
_c
1228958
_d
1228958